Cavalleria Rusticana Ave Maria (Intermezzo sinfonico) für Gesang mit deutschem und italienischem Text : Ausg. für Alt oder Bariton in C mit Begleitung des Pianoforte /
| Main Author: | Mascagni, Pietro, 1863-1945 |
|---|---|
| Language: | German Italian |
| Published: |
Berlin : Bote & Bock, [1905?] |
| Physical Description: |
6 s. |
| LEADER | 00813ncm a22002172a 4500 | ||
|---|---|---|---|
| 001 | 000264221 | ||
| 003 | CZ BrMZK | ||
| 005 | 20120711103821.0 | ||
| 007 | qu | ||
| 008 | 980105s1905 gw f ger d | ||
| 040 | |a BOA001 |b cze | ||
| 041 | 1 | |a ger |a ita | |
| 072 | 7 | |a 784 |x Vokální hudba |2 Konspekt |9 9 | |
| 100 | 1 | |a Mascagni, Pietro, |d 1863-1945 |7 jn19990005461 |4 cmp | |
| 245 | 1 | 0 | |a Cavalleria Rusticana |h [hudebnina] : |b Ave Maria (Intermezzo sinfonico) für Gesang mit deutschem und italienischem Text : Ausg. für Alt oder Bariton in C mit Begleitung des Pianoforte / |c Pietro Mascagni |
| 260 | |a Berlin : |b Bote & Bock, |c [1905?] | ||
| 300 | |a 6 s. | ||
| 910 | |a BOA001 |b Mus4-0584.105 | ||
| 990 | |a MU | ||
| 991 | |b 201207 | ||
| 996 | 6 | |b 2619907763 |c Mus4-0584.105 |l MZK |r Sklad / do 1 hodiny |n 4 |w 000264221 |u 000010 |a 1 |e BOA001 |j MZK50 |s P | |
English
Čeština 